000 00599nam a2200229Ia 4500
003 OSt
005 20221005114021.0
006 a|||||r|||| 00| 0
007 ta
008 221004b |||||||| |||| 00| 0 eng d
024 _a9323
037 _cTextual
040 _aCRL
_cCRL
_beng
041 _2eng
_aeng
082 _aO1119730aY:6, M3
100 _aMicheal Spindler
_9625327
245 0 _aAmerican literature and Social change
260 _c1983
650 _aENGLISH LITERATURE
942 _hO1119730aY:6, M3
_cTEXL
_2cc
999 _c1030026
_d1030026